000 01834nam a2200133Ia 4500
008 220620s9999||||xx |||||||||||||| ||und||
020 _a9783040000000
245 0 _aSite-Specific Nutrient Management
546 _aEnglish[eng]
650 _aTriticum aestivum L.||farmyard manure||mineral fertilizers||crude protein content||soil properties, site-specific requirements||yield||site-specific nitrogen management||regional optimal nitrogen management||net return||nitrogen use efficiency||spatial variability||temporal variability||seed density||N uptake||indices of N productivity||mineral N||indigenous Nmin at spring||post-harvest Nmin||N balance||N efficiency||maximum photochemical efficiency of photosystem II||chlorophyll content index||soil enzymatic activity||biological index fertility||nitrogenase activity||microelements fertilization (Ti||Si||B||Mo||Zn)||soil||nitrate nitrogen content||contents of available phosphorus||potassium||magnesium||calcium||cardinal stages of WOSR growth||PCA||site-specific nutrient management||soil brightness||satellite remote sensing||crop yield||soil fertility||winter wheat||winter triticale||vegetation indices||NDVI||grain yield||number of spikes||economics||normalized difference vegetation index (NDVI)||on-the-go sensors||winter oilseed rape → winter triticale cropping sequence||N input||N total uptake||N gap||Beta vulgaris L.||organic manure||weather conditions||soil chemistry||sugar concentration||climatic potential yield||yield gap||soil constraints||subsoil||remote sensing-techniques||field||a field||crop production||sustainability||homogenous productivity units||nitrogen indicators: in-season||spatial||vertical variability of N demand and supply||spectral imagery
700 _aGrzebisz, Witold
856 _uhttps://mdpi.com/books/pdfview/book/5259
942 _cEB
999 _c22348
_d22348